000 00327nam a22001457a 4500
008 210429b ||||| |||| 00| 0 eng d
020 _a9780395760703
041 _aeng
080 _23rd
_a82
082 _a82
100 _a21
101 _aGJL
245 _aThe Riverside Anthology of Literature
_cHunt,D
942 _2udc
_cBK
999 _c56995
_d56995